[Event "DEN-ch corr"]
[Site "Denmark"]
[Date "2002.??.??"]
[Round "?"]
[White "Christiansen, Tonny"]
[Black "Kristensen, Finn Eigil"]
[Result "1/2-1/2"]
[WhiteElo "2358"]
[BlackElo "2342"]
[PlyCount "43"]
[EventDate "2002.09.23"]
[EventType "tourn (corr)"]
[EventRounds "11"]
[EventCountry "DEN"]
[SourceTitle "Corr 2006"]
[Source "ChessBase"]
[SourceDate "2006.04.01"]
[SourceVersion "3"]
[SourceVersionDate "2006.04.01"]
[SourceQuality "1"]

1. d4 Nf6 2. c4 e6 3. Nf3 b6 4. Nc3 Bb4 5. e3 Bb7 6. Bd3 0-0 7. 0-0 d5 8. cxd5 exd5 9. Bd2 Nbd7 10. Rc1 a6 11. Re1 Re8 12. Qc2 Bd6 13. e4 dxe4 14. Nxe4 Nxe4 15. Bxe4 Bxe4 16. Rxe4 Rxe4 17. Qxe4 Nf6 18. Qd3 Qd7 19. Bg5 Nd5 20. Re1 Nb4 21. Qe4 Qc6 22. Qxc6 1/2-1/2

[Event "DEN-ch corr"]
[Site "Denmark"]
[Date "2002.??.??"]
[Round "?"]
[White "Kristensen, Finn Eigil"]
[Black "Christensen, Bent"]
[Result "1/2-1/2"]
[WhiteElo "2342"]
[BlackElo "2394"]
[PlyCount "33"]
[EventDate "2002.09.23"]
[EventType "tourn (corr)"]
[EventRounds "11"]
[EventCountry "DEN"]
[SourceTitle "Corr 2006"]
[Source "ChessBase"]
[SourceDate "2006.04.01"]
[SourceVersion "3"]
[SourceVersionDate "2006.04.01"]
[SourceQuality "1"]

1. d4 d5 2. c4 e6 3. Nc3 Nf6 4. Bg5 Be7 5. e3 0-0 6. Nf3 h6 7. Bh4 b6 8. cxd5 Nxd5 9. Bxe7 Qxe7 10. Nxd5 exd5 11. Rc1 Be6 12. Qa4 c5 13. dxc5 bxc5 14. Qa3 Rc8 15. Be2 a5 16. 0-0 Qa7 17. Rfd1 1/2-1/2

[Event "DEN-ch corr"]
[Site "Denmark"]
[Date "2002.??.??"]
[Round "?"]
[White "Kristensen, Finn Eigil"]
[Black "Rasmussen, Jens"]
[Result "1/2-1/2"]
[WhiteElo "2342"]
[BlackElo "2231"]
[PlyCount "47"]
[EventDate "2002.09.23"]
[EventType "tourn (corr)"]
[EventRounds "11"]
[EventCountry "DEN"]
[SourceTitle "Corr 2006"]
[Source "ChessBase"]
[SourceDate "2006.04.01"]
[SourceVersion "3"]
[SourceVersionDate "2006.04.01"]
[SourceQuality "1"]

1. d4 d5 2. c4 e6 3. Nc3 Nf6 4. Bg5 Be7 5. e3 0-0 6. Nf3 h6 7. Bh4 b6 8. cxd5 exd5 9. Bd3 Bb7 10. 0-0 Ne4 11. Bxe7 Qxe7 12. Qb3 Nxc3 13. Qxc3 c5 14. dxc5 bxc5 15. Rac1 Rc8 16. Rfd1 Nd7 17. Bf5 Rc7 18. b4 c4 19. Bxd7 Qxd7 20. Nd4 Qg4 21. b5 Qg6 22. a4 Re8 23. a5 Rb8 24. Rd2 1/2-1/2

[Event "DEN-ch corr"]
[Site "Denmark"]
[Date "2002.??.??"]
[Round "?"]
[White "Madsen, Flemming Lind"]
[Black "Kristensen, Finn Eigil"]
[Result "1-0"]
[WhiteElo "2190"]
[BlackElo "2342"]
[PlyCount "91"]
[EventDate "2002.09.23"]
[EventType "tourn (corr)"]
[EventRounds "11"]
[EventCountry "DEN"]
[SourceTitle "Corr 2006"]
[Source "ChessBase"]
[SourceDate "2006.04.01"]
[SourceVersion "3"]
[SourceVersionDate "2006.04.01"]
[SourceQuality "1"]

1. e4 c6 2. d4 d5 3. Nc3 dxe4 4. Nxe4 Bf5 5. Ng3 Bg6 6. h4 h6 7. Nf3 Nd7 8. h5 Bh7 9. Bd3 Bxd3 10. Qxd3 e6 11. Bf4 Qa5+ 12. Bd2 Qc7 13. 0-0-0 Ngf6 14. Ne4 0-0-0 15. g3 Nxe4 16. Qxe4 Bd6 17. c4 c5 18. d5 Rhe8 19. Qg4 exd5 20. cxd5 Bf8 21. Bc3 f6 22. Rhe1 Rxe1 23. Nxe1 Kb8 24. Ng2 c4 25. Nf4 Nc5 26. Ne6 Nxe6 27. dxe6 Rxd1+ 28. Qxd1 Bd6 29. Qd5 Kc8 30. Bd4 a6 31. f4 Kd8 32. Be5 fxe5 33. fxe5 Ke7 34. exd6+ Qxd6 35. Qxb7+ Kxe6 36. Qxg7 Kd5 37. Qb7+ Kc5 38. Qf3 Qd4 39. Qf8+ Kb5 40. Qf5+ Kb6 41. Qg6+ Kb5 42. Qxh6 Qg1+ 43. Kc2 Qh2+ 44. Kb1 Qh1+ 45. Qc1 Qxh5 46. a4+ 1-0

[Event "DEN-ch corr"]
[Site "Denmark"]
[Date "2001.??.??"]
[Round "?"]
[White "Johnsen, Klaus Hoeck"]
[Black "Kristensen, Finn Eigil"]
[Result "1/2-1/2"]
[WhiteElo "2240"]
[BlackElo "2284"]
[PlyCount "28"]
[EventDate "2001.??.??"]
[EventType "tourn (corr)"]
[EventRounds "13"]
[EventCountry "DEN"]
[SourceTitle "Corr 2006"]
[Source "ChessBase"]
[SourceDate "2006.04.01"]
[SourceVersion "3"]
[SourceVersionDate "2006.04.01"]
[SourceQuality "1"]

1. e4 c6 2. d4 d5 3. exd5 cxd5 4. c4 Nf6 5. Nc3 e6 6. Nf3 Bb4 7. Bg5 0-0 8. Bd3 dxc4 9. Bxc4 b6 10. 0-0 Bb7 11. Ne5 Bxc3 12. bxc3 Nbd7 13. Qe2 Qc7 14. Nxd7 Nxd7 1/2-1/2

[Event "DEN-ch corr"]
[Site "Denmark"]
[Date "2001.??.??"]
[Round "?"]
[White "Kristensen, Finn Eigil"]
[Black "Christiansen, Tonny"]
[Result "1/2-1/2"]
[WhiteElo "2284"]
[BlackElo "2321"]
[PlyCount "53"]
[EventDate "2001.??.??"]
[EventType "tourn (corr)"]
[EventRounds "13"]
[EventCountry "DEN"]
[SourceTitle "Corr 2006"]
[Source "ChessBase"]
[SourceDate "2006.04.01"]
[SourceVersion "3"]
[SourceVersionDate "2006.04.01"]
[SourceQuality "1"]

1. d4 Nf6 2. c4 e6 3. Nc3 Bb4 4. e3 b6 5. Nge2 Ba6 6. a3 Bxc3+ 7. Nxc3 d5 8. b4 Bxc4 9. Bxc4 dxc4 10. Qe2 a5 11. b5 Nd5 12. Qxc4 Nxc3 13. Qxc3 Qd5 14. 0-0 Qxb5 15. Qxc7 0-0 16. a4 Na6 17. Qb7 Qd3 18. Ba3 Rab8 19. Qa7 Nb4 20. Rfd1 Qc2 21. Bxb4 axb4 22. Rdc1 Qd2 23. Rab1 Rfc8 24. Rxc8+ Rxc8 25. h3 Qa2 26. Rxb4 h6 27. Rxb6 1/2-1/2

[Event "DEN-ch corr"]
[Site "Denmark"]
[Date "2001.??.??"]
[Round "?"]
[White "Kristensen, Finn Eigil"]
[Black "Lylloff, Knud Erik"]
[Result "0-1"]
[WhiteElo "2284"]
[BlackElo "2006"]
[PlyCount "62"]
[EventDate "2001.??.??"]
[EventType "tourn (corr)"]
[EventRounds "13"]
[EventCountry "DEN"]
[SourceTitle "Corr 2006"]
[Source "ChessBase"]
[SourceDate "2006.04.01"]
[SourceVersion "3"]
[SourceVersionDate "2006.04.01"]
[SourceQuality "1"]

1. d4 d5 2. c4 e6 3. Nc3 c6 4. Nf3 dxc4 5. a4 Bb4 6. e3 b5 7. Bd2 a5 8. axb5 Bxc3 9. Bxc3 cxb5 10. b3 Bb7 11. bxc4 b4 12. Bb2 Nf6 13. Bd3 0-0 14. 0-0 Nbd7 15. Qc2 Bxf3 16. gxf3 Qc7 17. c5 Qc6 18. e4 a4 19. e5 Nd5 20. Bxh7+ Kh8 21. Qe4 Qc7 22. Bf5 Qd8 23. Bh3 Qg5+ 24. Qg4 Qxg4+ 25. fxg4 a3 26. Bc1 Nb8 27. Bg2 Nc6 28. Rd1 a2 29. Kf1 b3 30. Bxd5 exd5 31. Ke2 Na5 0-1

[Event "DEN-ch corr"]
[Site "Denmark"]
[Date "2001.??.??"]
[Round "?"]
[White "Kristensen, Finn Eigil"]
[Black "Pitters, Peter Cornelis"]
[Result "1-0"]
[WhiteElo "2284"]
[BlackElo "2080"]
[PlyCount "29"]
[EventDate "2001.??.??"]
[EventType "tourn (corr)"]
[EventRounds "13"]
[EventCountry "DEN"]
[SourceTitle "Corr 2006"]
[Source "ChessBase"]
[SourceDate "2006.04.01"]
[SourceVersion "3"]
[SourceVersionDate "2006.04.01"]
[SourceQuality "1"]

1. d4 e6 2. c4 f5 3. g3 Nf6 4. Bg2 Be7 5. Nf3 0-0 6. 0-0 Ne4 7. b3 Bf6 8. Bb2 c5 9. e3 b6 10. Ne5 Bb7 11. Nd2 d6 12. Ng4 Nd7 13. Nxe4 fxe4 14. Qc2 d5 15. Nxf6+ 1-0

[Event "DEN-ch corr"]
[Site "Denmark"]
[Date "2001.??.??"]
[Round "?"]
[White "Willumsen, Niels Henrik"]
[Black "Kristensen, Finn Eigil"]
[Result "1-0"]
[WhiteElo "1803"]
[BlackElo "2284"]
[PlyCount "47"]
[EventDate "2001.??.??"]
[EventType "tourn (corr)"]
[EventRounds "13"]
[EventCountry "DEN"]
[SourceTitle "Corr 2006"]
[Source "ChessBase"]
[SourceDate "2006.04.01"]
[SourceVersion "3"]
[SourceVersionDate "2006.04.01"]
[SourceQuality "1"]

1. e4 c6 2. d4 d5 3. Nd2 dxe4 4. Nxe4 Bf5 5. Ng3 Bg6 6. h4 h6 7. h5 Bh7 8. Nf3 Nd7 9. Bd3 Bxd3 10. Qxd3 Ngf6 11. Bd2 Qc7 12. 0-0-0 e6 13. Ne4 0-0-0 14. g3 Nxe4 15. Qxe4 Bd6 16. c4 c5 17. Kb1 cxd4 18. Nxd4 a6 19. Nb3 Nf6 20. Qf3 Kb8 21. Bc3 Be5 22. Bxe5 Qxe5 23. g4 Qf4 24. Qxf4+ 1-0

[Event "DEN-ch corr"]
[Site "Denmark"]
[Date "2000.??.??"]
[Round "?"]
[White "Christiansen, Tonny"]
[Black "Kristensen, Finn Eigil"]
[Result "1/2-1/2"]
[WhiteElo "2326"]
[BlackElo "2256"]
[PlyCount "29"]
[EventDate "2000.??.??"]
[EventType "tourn (corr)"]
[EventRounds "11"]
[EventCountry "DEN"]
[SourceTitle "Corr 2006"]
[Source "ChessBase"]
[SourceDate "2006.04.01"]
[SourceVersion "3"]
[SourceVersionDate "2006.04.01"]
[SourceQuality "1"]

1. d4 Nf6 2. c4 e6 3. Nc3 Bb4 4. e3 0-0 5. Bd3 d5 6. a3 Bxc3+ 7. bxc3 dxc4 8. Bxc4 c5 9. Nf3 Qc7 10. Ba2 Nc6 11. 0-0 e5 12. h3 e4 13. Nh2 Na5 14. Bb2 c4 15. Qc2 1/2-1/2

[Event "DEN-ch corr"]
[Site "Denmark"]
[Date "2000.??.??"]
[Round "?"]
[White "Kristensen, Finn Eigil"]
[Black "Ros, Aksel"]
[Result "1/2-1/2"]
[WhiteElo "2256"]
[BlackElo "2166"]
[PlyCount "44"]
[EventDate "2000.??.??"]
[EventType "tourn (corr)"]
[EventRounds "11"]
[EventCountry "DEN"]
[SourceTitle "Corr 2006"]
[Source "ChessBase"]
[SourceDate "2006.04.01"]
[SourceVersion "3"]
[SourceVersionDate "2006.04.01"]
[SourceQuality "1"]

1. d4 d5 2. c4 c6 3. Nc3 Nf6 4. e3 e6 5. Nf3 Nbd7 6. Bd3 dxc4 7. Bxc4 b5 8. Bd3 Bb7 9. 0-0 b4 10. Ne4 Nxe4 11. Bxe4 Be7 12. a3 a5 13. Kh1 Qb6 14. axb4 axb4 15. Rxa8+ Bxa8 16. Nd2 Qa6 17. Nb3 c5 18. Bxa8 Qxa8 19. dxc5 Nxc5 20. Nxc5 Bxc5 21. Qh5 Qa6 22. Rd1 Be7 1/2-1/2

[Event "DEN-ch corr"]
[Site "Denmark"]
[Date "1999.??.??"]
[Round "?"]
[White "Christiansen, Tonny"]
[Black "Kristensen, Finn Eigil"]
[Result "1/2-1/2"]
[WhiteElo "2302"]
[BlackElo "2288"]
[PlyCount "65"]
[EventDate "1999.??.??"]
[EventType "tourn (corr)"]
[EventRounds "10"]
[EventCountry "DEN"]
[SourceTitle "Corr 2002"]
[Source "ChessBase"]
[SourceDate "2002.05.23"]
[SourceVersion "1"]
[SourceVersionDate "2002.05.23"]
[SourceQuality "1"]

1. e4 c6 2. d4 d5 3. Nc3 dxe4 4. Nxe4 Bf5 5. Ng3 Bg6 6. h4 h6 7. Nf3 Nd7 8. h5 Bh7 9. Bd3 Bxd3 10. Qxd3 Ngf6 11. Bf4 Qa5+ 12. Bd2 Qc7 13. 0-0-0 e6 14. Ne4 0-0-0 15. g3 Nxe4 16. Qxe4 Bd6 17. c4 c5 18. d5 Nf6 19. Qc2 exd5 20. cxd5 Rhe8 21. Bc3 Qd7 22. Bxf6 gxf6 23. Kb1 Qg4 24. Qd3 Qe4 25. Nh4 Qxd3+ 26. Rxd3 Re5 27. f4 Rxh5 28. g4 Rxh4 29. Rxh4 Bxf4 30. Rh1 Kc7 31. Re1 Kd6 32. Rb3 b6 33. Ra3 1/2-1/2

[Event "DEN-ch corr"]
[Site "Denmark"]
[Date "1999.??.??"]
[Round "?"]
[White "Kristensen, Finn Eigil"]
[Black "Eriksen, John Iver"]
[Result "1/2-1/2"]
[WhiteElo "2288"]
[BlackElo "2090"]
[PlyCount "20"]
[EventDate "1999.??.??"]
[EventType "tourn (corr)"]
[EventRounds "10"]
[EventCountry "DEN"]
[SourceTitle "Corr 2002"]
[Source "ChessBase"]
[SourceDate "2002.05.23"]
[SourceVersion "1"]
[SourceVersionDate "2002.05.23"]
[SourceQuality "1"]

1. d4 Nf6 2. c4 e6 3. Nc3 Bb4 4. e3 0-0 5. Nf3 c5 6. Bd3 d5 7. 0-0 Bxc3 8. bxc3 Bd7 9. cxd5 exd5 10. Qe2 Re8 1/2-1/2

[Event "DEN-ch corr"]
[Site "Denmark"]
[Date "1999.??.??"]
[Round "?"]
[White "Kristensen, Finn Eigil"]
[Black "Hansen, Morten Moller"]
[Result "1/2-1/2"]
[WhiteElo "2288"]
[BlackElo "2024"]
[PlyCount "39"]
[EventDate "1999.??.??"]
[EventType "tourn (corr)"]
[EventRounds "10"]
[EventCountry "DEN"]
[SourceTitle "Corr 2002"]
[Source "ChessBase"]
[SourceDate "2002.05.23"]
[SourceVersion "1"]
[SourceVersionDate "2002.05.23"]
[SourceQuality "1"]

1. d4 d5 2. c4 e6 3. Nc3 Nf6 4. Bg5 Be7 5. e3 0-0 6. Nf3 h6 7. Bh4 b6 8. cxd5 Nxd5 9. Bxe7 Qxe7 10. Nxd5 exd5 11. Rc1 Be6 12. Bd3 c5 13. dxc5 bxc5 14. 0-0 Nd7 15. e4 dxe4 16. Bxe4 Rad8 17. Bb1 Ne5 18. Qe2 Nxf3+ 19. Qxf3 Rd4 20. Qc3 1/2-1/2

[Event "DEN-ch corr"]
[Site "Denmark"]
[Date "1999.??.??"]
[Round "?"]
[White "Kristensen, Finn Eigil"]
[Black "Kramer, Svend Erik"]
[Result "1-0"]
[WhiteElo "2288"]
[BlackElo "2379"]
[PlyCount "61"]
[EventDate "1999.??.??"]
[EventType "tourn (corr)"]
[EventRounds "10"]
[EventCountry "DEN"]
[SourceTitle "Corr 2002"]
[Source "ChessBase"]
[SourceDate "2002.05.23"]
[SourceVersion "1"]
[SourceVersionDate "2002.05.23"]
[SourceQuality "1"]

1. d4 Nf6 2. Nf3 g6 3. g3 Bg7 4. Bg2 0-0 5. 0-0 d6 6. c4 Nc6 7. Nc3 a6 8. h3 Rb8 9. a4 a5 10. e4 e5 11. Be3 Re8 12. dxe5 dxe5 13. b3 Be6 14. Qb1 Qc8 15. Kh2 Rd8 16. Nd5 Ne8 17. Rd1 h6 18. Ra2 b6 19. Rad2 Qb7 20. Nh4 Kh7 21. f4 Bd7 22. Nf3 exf4 23. gxf4 Bc8 24. Nh4 Bd7 25. e5 Qc8 26. Be4 Be6 27. Bxg6+ Kh8 28. Bf5 Ra8 29. Qe4 Ra7 30. Rg1 Nb4 31. Bxe6 1-0

[Event "DEN-ch corr"]
[Site "Denmark"]
[Date "1998.??.??"]
[Round "?"]
[White "Johnsen, Klaus Hoeck"]
[Black "Kristensen, Finn Eigil"]
[Result "0-1"]
[WhiteElo "2026"]
[BlackElo "2183"]
[PlyCount "64"]
[EventDate "1998.??.??"]
[EventType "tourn (corr)"]
[EventRounds "10"]
[EventCountry "DEN"]
[SourceTitle "Corr 2004"]
[Source "ChessBase"]
[SourceDate "2003.04.28"]
[SourceVersion "3"]
[SourceVersionDate "2003.04.28"]
[SourceQuality "1"]

1. d4 Nf6 2. Bg5 Ne4 3. Bh4 c5 4. f3 g5 5. fxe4 gxh4 6. e3 Bh6 7. Kf2 cxd4 8. exd4 Qb6 9. Nc3 e6 10. Nf3 Nc6 11. Na4 Qc7 12. Bb5 Qf4 13. Re1 Rg8 14. Re2 Qg4 15. Qh1 Qh5 16. e5 b6 17. Nc3 Bf8 18. g3 Bb7 19. Ne4 Be7 20. c3 0-0-0 21. Bd3 Rg4 22. Rg1 Rdg8 23. Ree1 Kb8 24. b3 Qh6 25. Qg2 f5 26. exf6 Bxf6 27. Nxf6 Qxf6 28. Re3 Ne7 29. c4 Rf8 30. d5 exd5 31. Rge1 dxc4 32. bxc4 Nf5 0-1

[Event "DEN-ch corr"]
[Site "Denmark"]
[Date "1998.??.??"]
[Round "?"]
[White "Larsen, Henning"]
[Black "Kristensen, Finn Eigil"]
[Result "1/2-1/2"]
[WhiteElo "2198"]
[BlackElo "2183"]
[PlyCount "113"]
[EventDate "1998.??.??"]
[EventType "tourn (corr)"]
[EventRounds "10"]
[EventCountry "DEN"]
[SourceTitle "Corr 2004"]
[Source "ChessBase"]
[SourceDate "2003.04.28"]
[SourceVersion "3"]
[SourceVersionDate "2003.04.28"]
[SourceQuality "1"]

1. e4 c6 2. d4 d5 3. exd5 cxd5 4. c4 Nf6 5. Nc3 e6 6. cxd5 Nxd5 7. Nf3 Bb4 8. Bd2 Nc6 9. Bd3 0-0 10. 0-0 Be7 11. Qe2 Bf6 12. Qe4 g6 13. Bh6 Re8 14. Rfe1 Nxc3 15. bxc3 Bd7 16. Qf4 Rc8 17. Rab1 b6 18. Bg5 Be7 19. Bxe7 Nxe7 20. Ne5 Rf8 21. Qh6 Rxc3 22. Re3 Nf5 23. Bxf5 Rxe3 24. Bxg6 fxg6 25. Qxe3 Bc8 26. Ng4 Qd6 27. Rc1 Bb7 28. h3 Kh8 29. a3 Rf4 30. Qe5+ Qxe5 31. dxe5 Rf7 32. f4 h5 33. Nf6 h4 34. Rd1 Bd5 35. Nxd5 exd5 36. Rxd5 Rxf4 37. Rd8+ Kg7 38. Rd7+ Kh6 39. Rxa7 Re4 40. Ra6 b5 41. e6 Kg7 42. Ra5 Ra4 43. e7 Kf7 44. Rxb5 Rxa3 45. Re5 Ke8 46. Rg5 Ra6 47. Rg4 Kxe7 48. Rxh4 Kf6 49. Rb4 Kg7 50. Kh2 Ra3 51. h4 Rc3 52. g3 Rc7 53. Kh3 Ra7 54. Kg4 Rc7 55. Kf4 Ra7 56. Rd4 Rc7 57. Kg5 1/2-1/2

[Event "DEN-ch corr"]
[Site "Denmark"]
[Date "1998.??.??"]
[Round "?"]
[White "Sivertsen, Palle"]
[Black "Kristensen, Finn Eigil"]
[Result "1/2-1/2"]
[WhiteElo "2208"]
[BlackElo "2183"]
[PlyCount "112"]
[EventDate "1998.??.??"]
[EventType "tourn (corr)"]
[EventRounds "10"]
[EventCountry "DEN"]
[SourceTitle "Corr 2004"]
[Source "ChessBase"]
[SourceDate "2003.04.28"]
[SourceVersion "3"]
[SourceVersionDate "2003.04.28"]
[SourceQuality "1"]

1. e4 c6 2. Nf3 d5 3. Nc3 Bg4 4. h3 Bh5 5. d4 e6 6. g4 Bg6 7. Ne5 Bxe4 8. Nxe4 dxe4 9. Bg2 Nd7 10. Nxd7 Qxd7 11. Bxe4 Nf6 12. Bg2 0-0-0 13. Be3 Nd5 14. Qf3 Nxe3 15. fxe3 h5 16. gxh5 f6 17. Qe2 Qf7 18. Bf3 e5 19. dxe5 fxe5 20. 0-0 Qc7 21. Be4 Bc5 22. Rab1 Qb6 23. Rfe1 Qb4 24. Bg6 Kb8 25. Qg4 Qf4 26. Re2 Bxe3+ 27. Kg2 Qh6 28. b4 Rhf8 29. b5 c5 30. Be4 Bg5 31. Rf1 Bf4 32. Qg6 Rd6 33. Qxh6 gxh6 34. Rf3 Rg8+ 35. Kf2 Kc7 36. Rd3 Rd4 37. Rxd4 cxd4 38. Bg6 Kb6 39. Re1 Rc8 40. Kf3 Rc3+ 41. Bd3 Ra3 42. Rg1 Rxa2 43. Rg6+ Kc5 44. Rg7 b6 45. Rc7+ Kb4 46. Ke4 Ra1 47. Kd5 Ra5 48. Ke4 Ka3 49. Rg7 Kb2 50. Rg1 Kc3 51. Rg2 Ra2 52. Rg7 Kb2 53. Rg1 Ra3 54. Rg7 Kc1 55. Rg1+ Kd2 56. Rg7 Kc1 1/2-1/2

[Event "DEN-ch corr"]
[Site "Denmark"]
[Date "1996.??.??"]
[Round "?"]
[White "Jorgensen, Eskild"]
[Black "Kristensen, Finn Eigil"]
[Result "0-1"]
[WhiteElo "2080"]
[BlackElo "2275"]
[PlyCount "90"]
[EventDate "1996.??.??"]
[EventType "tourn (corr)"]
[EventRounds "13"]
[EventCountry "DEN"]
[SourceTitle "Corr 2000"]
[Source "ChessBase"]
[SourceDate "2000.04.19"]
[SourceVersion "1"]
[SourceVersionDate "2000.04.19"]
[SourceQuality "1"]

1. e4 c6 2. d4 d5 3. Nc3 dxe4 4. Nxe4 Bf5 5. Ng3 Bg6 6. Nf3 Nd7 7. Bd3 e6 8. 0-0 Ngf6 9. Re1 Qc7 10. Ne5 0-0-0 11. f4 Nxe5 12. fxe5 Nd5 13. Kh1 Be7 14. c3 c5 15. a3 Bh4 16. Qg4 Be7 17. Qf3 cxd4 18. cxd4 Qb6 19. Ne2 Bxd3 20. Qxd3 f5 21. Bd2 Kb8 22. b4 g5 23. Rac1 Rc8 24. Nc3 Nxc3 25. Bxc3 Qc6 26. Bd2 Qd5 27. Be3 Rxc1 28. Rxc1 Rc8 29. Rxc8+ Kxc8 30. Kg1 h5 31. Qd1 h4 32. h3 Qe4 33. Qb3 Kd7 34. Qa4+ Kd8 35. Qb3 g4 36. hxg4 fxg4 37. Kf2 g3+ 38. Kg1 Qf5 39. Qd1 Qe4 40. Qb3 b5 41. Qc3 Kd7 42. Qd2 Qb1+ 43. Qc1 Qxc1+ 44. Bxc1 Kc6 45. Kf1 Kd5 0-1

[Event "DEN-ch corr"]
[Site "Denmark"]
[Date "1996.??.??"]
[Round "?"]
[White "Kristensen, Finn Eigil"]
[Black "Pedersen, Svend Erik"]
[Result "1/2-1/2"]
[WhiteElo "2275"]
[BlackElo "2110"]
[PlyCount "133"]
[EventDate "1996.??.??"]
[EventType "tourn (corr)"]
[EventRounds "13"]
[EventCountry "DEN"]
[SourceTitle "Corr 2000"]
[Source "ChessBase"]
[SourceDate "2000.04.19"]
[SourceVersion "1"]
[SourceVersionDate "2000.04.19"]
[SourceQuality "1"]

1. d4 d5 2. c4 c6 3. Nf3 Nf6 4. Nc3 e6 5. Bg5 h6 6. Bxf6 Qxf6 7. Qc2 Nd7 8. e4 dxe4 9. Qxe4 Bd6 10. Bd3 Qe7 11. 0-0 Nf6 12. Qe2 0-0 13. Rad1 c5 14. dxc5 Bxc5 15. Ne4 Bb6 16. Bc2 Nxe4 17. Qxe4 f5 18. Qe2 Bd7 19. Ne5 Be8 20. Rd3 Rd8 21. Rfd1 Rxd3 22. Rxd3 Bc5 23. a3 Bd6 24. b4 b6 25. Bb3 Kh8 26. f4 Qc7 27. Rc3 Rf6 28. c5 bxc5 29. Qe3 Qb7 30. bxc5 Bxe5 31. Qxe5 Bc6 32. Qe2 Be4 33. Qd2 Qb5 34. a4 Qc6 35. Qd8+ Kh7 36. Qe7 Rg6 37. Rg3 Rxg3 38. hxg3 Bd5 39. Qd6 Qb7 40. Bxd5 exd5 41. Qe6 Qb1+ 42. Kh2 d4 43. Qd7 d3 44. c6 Qc2 45. c7 d2 46. c8Q Qxc8 47. Qxc8 d1Q 48. Qxf5+ Kh8 49. a5 Qd8 50. a6 Qb6 51. Qc8+ Kh7 52. Qb7 Qe3 53. Qb1+ Kg8 54. Qg6 Qe7 55. f5 Kf8 56. Kh3 Qd7 57. Kh2 Qe7 58. Qc6 Qe3 59. g4 Qf4+ 60. Kh3 Qd4 61. Qf3 Ke8 62. g3 Ke7 63. Qf4 Qd5 64. Qc7+ Kf6 65. Qb7 Qd4 66. Kh4 Qd2 67. Qc6+ 1/2-1/2

[Event "DEN-ch corr"]
[Site "Denmark"]
[Date "1996.??.??"]
[Round "?"]
[White "Kristensen, Finn Eigil"]
[Black "Vestergard, Steen S"]
[Result "1/2-1/2"]
[WhiteElo "2275"]
[BlackElo "2185"]
[PlyCount "48"]
[EventDate "1996.??.??"]
[EventType "tourn (corr)"]
[EventRounds "13"]
[EventCountry "DEN"]
[SourceTitle "Corr 2000"]
[Source "ChessBase"]
[SourceDate "2000.04.19"]
[SourceVersion "1"]
[SourceVersionDate "2000.04.19"]
[SourceQuality "1"]

1. d4 Nf6 2. c4 e6 3. Nc3 d5 4. Bg5 Be7 5. e3 0-0 6. Nf3 Nbd7 7. Rc1 c6 8. Bd3 dxc4 9. Bxc4 Nd5 10. Bxe7 Qxe7 11. 0-0 Nxc3 12. Rxc3 e5 13. dxe5 Nxe5 14. Nxe5 Qxe5 15. f4 Qe7 16. f5 Rd8 17. f6 gxf6 18. Qh5 b5 19. Bb3 Be6 20. Bc2 f5 21. Bxf5 Bxf5 22. Qxf5 Rd6 23. e4 Rad8 24. Rcf3 R8d7 1/2-1/2

[Event "DEN-ch corr"]
[Site "Denmark"]
[Date "1996.??.??"]
[Round "?"]
[White "Tanggaard, Hans"]
[Black "Kristensen, Finn Eigil"]
[Result "1/2-1/2"]
[WhiteElo "2410"]
[BlackElo "2275"]
[PlyCount "87"]
[EventDate "1996.??.??"]
[EventType "tourn (corr)"]
[EventRounds "13"]
[EventCountry "DEN"]
[SourceTitle "Corr 2000"]
[Source "ChessBase"]
[SourceDate "2000.04.19"]
[SourceVersion "1"]
[SourceVersionDate "2000.04.19"]
[SourceQuality "1"]

1. d4 Nf6 2. c4 e6 3. Nc3 Bb4 4. Qc2 c5 5. dxc5 0-0 6. a3 Bxc5 7. Nf3 Nc6 8. Bg5 Nd4 9. Nxd4 Bxd4 10. e3 Qa5 11. exd4 Qxg5 12. Qd2 Qxd2+ 13. Kxd2 d6 14. Bd3 Bd7 15. b4 Rfc8 16. f3 g6 17. a4 e5 18. d5 h5 19. a5 Rc7 20. Rhe1 Rac8 21. Re3 Ne8 22. Rf1 f5 23. Ree1 Nf6 24. Rc1 Kg7 25. Kc2 b5 26. axb6 axb6 27. Kb2 e4 28. fxe4 fxe4 29. Be2 Bg4 30. Bxg4 hxg4 31. Nb5 Rxc4 32. Rxc4 Rxc4 33. Kb3 Rc8 34. Nxd6 Rh8 35. Re1 Rxh2 36. g3 Rh5 37. Kc4 Re5 38. Nc8 Nxd5 39. Kd4 Rg5 40. Rxe4 b5 41. Re5 Rxe5 42. Kxe5 Nxb4 43. Na7 Nd3+ 44. Kd4 1/2-1/2